000 00582nam a2200229Ia 4500
005 20250108124814.0
008 008 250107s9999 xx 000 0 eng d
020 _a978-3-030-58501-3
037 _aTB
040 _aCRL
_beng
_cCRL
041 _aeng
_2eng
084 _aw2,N P6
084 _qCRL
100 _aMunjal Girish Au.
_9551976
245 0 _aRussian case system
_cMunjal Girish Au.
260 _aNew Delhi, India
_bLangers
_c2253
300 _a99p.
365 _aINR
_b95
650 _aLINGUISTICS
942 _cTB
_hw2,N P6
999 _c1234641
_d1234641